000 00834cab a2200265 4500
001 ABS55682
008 090401t1996 xxu||||| |||| 00| 0 eng d
035 _a(Sirsi) u18009
041 _aeng
100 _aMilne, R.
245 _aGas market ignites
260 _c1996
350 _a0
490 _aEstates Gazette
_v(9636) 24 August 1996, 36-38(3)
520 _aIndustry profile of the gas industry since the removal of the British Gas monopoly for supplying domestic customers. Lists gas suppliers turnover.. Discusses British Gas`s property holding.
650 _aBRITISH GAS
650 _aENERGY SUPPLIES
650 _aGAS INDUSTRY
650 _aNATURAL GAS
650 _aNORTH SEA GAS
650 _aPUBLIC UTILITIES
690 _aENVIRONMENTAL AND LAND CONSULTANCY-ENERGY
942 _n0
948 _c04/03/1997
999 _c11941
_d11941